Longest Swans Songs - Statistics

General Stats
  • This quiz has been taken 16 times
  • The average score is 11 of 15
Answer Stats
Length Song % Correct
32:14 The Seer
100%
34:05 Bring the Sun/ Toussaint L'Ouverture
92%
28:51 The Glowing Man
92%
19:10 A Piece of the Sky
83%
25:13 Cloud of Unknowing
83%
15:48 Helpless Child
83%
20:58 Frankie M
75%
17:01 She Loves Us
75%
23:01 The Apostate
75%
43:51 The Beggar Lover (Three)
75%
22:20 Birthing
67%
21:41 The Healers
58%
19:18 I Am a Tower
50%
19:11 (Rope) Away
50%
15:19 The Merge
42%
No matching quizzes found
Score Distribution
Percent of People with Each Score
Percentile by Number Answered
Your Score History
You have not taken this quiz